000
00301nam a2200145Ia 4500
100
_a
Davar/ Rustom S.
942
_c
BK
654
_a
Management.
245
_a
General management.
260
_b
Progressive corpor.
_c
1966
082
_a
658
_b
DAV
300
_a
602
546
_a
ENGLISH
999
_c
23865
_d
23865